000 00976nam a2200265Ia 4500
003 OSt
005 20221005103945.0
006 a|||||r|||| 00| 0
007 ta
008 221004b |||||||| |||| 00| 0 hin d
020 _a9788179171783 (hbk)
_cINR 500.00
024 _a38024
037 _b63, 13/03/2018, P. K. Books
_cTextual
040 _aCRL
_cCRL
_bhin
041 _2hin
_ahin
082 _aT0bS:3, 152Q6
100 _aफ्रेरे, पाओलो, ले.
245 0 _aआलोचनात्मक चेतना के लिए शिक्षा
246 _aĀlochanātmak chetanā ke lie shikṣhā
260 _aदिल्ली
_bग्रंथ शिल्पी भारत
_c2016
300 _a168पृ0
_ccm.
650 _aशिक्षाशास्त्र
942 _hT0bS:3, 152Q6
_cTEXL
_2cc
999 _c1011382
_d1011382